000
00320nam a2200145Ia 4500
008
191201s2012 xx 000 0 und d
082
_a
658.80285
_b
GUE
100
_a
DIWAN, Parag
245
0
_a
E-Commerce
250
_a
Rep
260
_a
N.Delhi
_b
Excel Books
_c
2012
300
_a
363
650
_a
MBA
942
_2
ddc
_c
BK
999
_c
5487
_d
5487